000 00629 a2200193 4500
999 _c8063
_d8063
010 _aENG-88293
020 _c50.00
_a8187728779
035 _aEN-71826
037 _bDBAD / PUB
082 1 4 _a335.4092
100 _aEngels, Frederick
245 1 _aThe origin of the family, private property and the state/
_cby Frederick Engels
260 _aLucknow
_bRahul Foundation
_c2006
270 _a69, Baba ka Purwa, Paper Mill Road, Nishatgunj,
_bLucknow
_e226 006
300 _a168p.
_c22cm ( pbk)
490 _aworkers of all countries, unite
500 _aIncludes index
942 _adpl
_cEN
_2ddc
_h335.4092
_mENG